| 000 | 00825nam a2200217Ia 4500 | ||
|---|---|---|---|
| 003 | GCL | ||
| 008 | 140319s9999 xx 000 0 ara d | ||
| 040 |
_aGCL / _cGCL |
||
| 082 | 0 | 4 |
_aق _b962.06 _bح ع |
| 100 | 1 | _aحسنين كروم | |
| 245 | 1 | 0 |
_aعروبة مصر قبل عبد الناصر : _b4 فبراير 1942 - 23 يوليو 1952 / _cحسنين كروم |
| 260 |
_aالقاهرة : _bدار المستقبل العربى ، _c1984 |
||
| 300 |
_a174 ص ؛ _c24 سم |
||
| 490 | _a | ||
| 650 | 0 | 4 | _aمصر |
| 650 | 0 | 4 | _aمصر - تاريخ |
| 650 | 0 | 4 | _aمصر - تاريخ - العصر الحديث - جمال عبدالناصر ( 1954-1970 ) |
| 650 | 0 | 4 | _aمصر - الاحوال السياسية |
| 650 | 0 | 4 | _aمصر - تاريخ - العصر الحديث - ثورة 23 يوليو 1952 |
| 942 |
_2ddc _cBK |
||
| 999 |
_c55621 _d55621 |
||